000 01811nam a2200253Ia 4500
999 _c34424
_d34424
001 158
003 GE_BSU
005 20190502161829.0
008 181216s2009||||ge |||||||||||||| ||geo||
020 _a9789941401305
040 _cGE_BSU
041 _ageo
080 _a821.14'01-1 + 821.14'01-2 ა-70
245 _aანტიკური ლიტერატურის ანთოლოგია :
_bწ. 1. ელინური ხანის პოეზია ძვ. წ. VIII-V სს. საბერძნეთი /
_cშემდგ : ნანა ტონია ; ივ. ჯავახიშვილის სახ. თბილ. სახელმწ. უნ-ტი ; კლასიკური ფილოლოგიის, ბიზანტინისტიკისა და ნეოგრეცისტიკის ინ-ტი.
250 _aწიგნი გამოდის პროგრამის: "ბერძნული ენა საქართველოს სკოლებში" მხარდაჭერით
264 _aთბილისი :
_bლოგოსი,
_c2008.
300 _a681გვ.
653 _aანტიკური ლიტერატურა
653 _aსაბერძნეთის ისტორია
653 _aძველი ბერძნული ლიტერატურა
700 _aტონია, ნანა
_eშემდგენელი
_9661
710 _aივ. ჯავახიშვილის სახ. თბილ. სახელმწ. უნ-ტი ;
_eკლასიკური ფილოლოგიის, ბიზანტინისტიკისა და ნეოგრეცისტიკის ინ-ტი.
_9662
942 _cBK
_2udc